000 01249cam a2200349 i 4500
003 EG-GICUC
005 20260309091536.0
008 891012m19909999fr frw 001 0 eng d
020 _a9284200814
_qv. 1
020 _a9065443975
_qv. 1 : Kluwer
040 _aDLC
_cDLC
_dDLC
_beng
_erda
050 0 0 _aK2400.A495
_bC65 1990
082 0 0 _a347.85
_221
092 0 4 _221
099 _aLaw 12 1990
100 1 _aJarvin, Sigvard.
245 1 0 _aCollection of ICC arbitral awards, 1974-1985 =
_bRecueil des sentences arbitrales de la CCI /
_cSigvard Jarvin, Yves Derains.
264 _aParis ;
_aNew York :
_bICC Pub. ;
_aDeventer ;
_aBoston :
_bKluwer Law and Taxation Publishers,
_c1990.
300 _axlix, 176 pages ;
_c30 cm.
336 _atext
_2rdacontent
337 _aComputer
_2rdamedia
338 _aOnline Resource
_2rdacarrier
490 1 _aICC publication ;
650 0 _aInternational commercial arbitration
_vCases.
700 1 _aDerains, Yves.
710 2 _aInternational Chamber of Commerce.
740 0 _aRecueil des sentences arbitrales de la CCI.
830 0 _aPublication (International Chamber of Commerce)
856 4 0 _uhttps://fll.law.cu.edu.eg/fulltext/bks/ENGB12-00067.pdf
905 _a10
942 _2ddc
_cBK
_e21
_n0
999 _c65871
_d65871